| 000 | 00345 a2200145 4500 | ||
|---|---|---|---|
| 001 | 165047 | ||
| 020 | _a | ||
| 040 | _cMagnum | ||
| 100 | _aMarcellino, Nelson Carvalho Et Al. | ||
| 240 | 1 | 0 |
_aLazer: formacao e atuacao profissional _lpor |
| 245 | 1 | 0 | _aLazer: formacao e atuacao profissional |
| 362 | 0 | _a1899 | |
| 697 | _aGERAL | ||
| 942 | _cBK | ||
| 999 |
_c165047 _d165047 |
||